000 00456nam a2200181 4500
001 3063
005 20230410143537.0
008 060907n1996 dr spa
020 _a0262660563
035 _9funglode3075
041 _aEN
050 1 4 _aT 49.5 P115c 1983
100 _aPacey, Arnold
245 1 4 _aThe culture of technology /
_cArnold Pacey
260 _aCambridge :
_bThe MIT Press,
_c1996
300 _a210 p.
942 _2lcc
_cbk
999 _c103602
_d103602